[Event "WCC"]
[Site "Khanty Mansyisk RUS"]
[Date "2005.11.28"]
[Round "1.2"]
[White "Sasikiran,K"]
[Black "Iljushin,A"]
[Result "1-0"]
[WhiteElo "2663"]
[BlackElo "2546"]
[EventDate "2005.11.28"]

1. d4 e6 2. c4 f5 3. g3 Nf6 4. Bg2 d5 5. Nf3 c6 6. Bf4 Be7 7. Qc2 O-O 8.
Nbd2 Nbd7 9. h4 Ne4 10. Rb1 h6 11. Rc1 a5 12. h5 Bf6 13. e3 a4 14. Nh4 Nb6
15. Bxe4 fxe4 16. Ng6 Re8 17. f3 exf3 18. c5 Nd7 19. Nxf3 b6 20. cxb6 Nxb6
21. O-O Ba6 22. Rf2 Bb5 23. Nfe5 Nc4 24. Ng4 Bg5 25. N6e5 Nxe5 26. Nxe5 Qf6
27. Kh2 Rac8 28. Bxg5 Qxg5 29. Qg6 Qxg6 30. hxg6 Re7 31. Rcc2 Rf8 32. g4
Rf6 33. Kg3 Rc7 34. Rf4 Kf8 35. Kh4 Ke7 36. g5 hxg5+ 37. Kxg5 Rc8 38. Rh2
Rxf4 39. exf4 c5 40. dxc5 d4 41. Rh7 Rg8 42. Nf7 d3 43. Nh6 d2 44. Nxg8+
Kd7 45. Rh1 Be2 46. Nf6+ Kc6 47. Ne8 e5 48. fxe5 d1=Q 49. Rxd1 Bxd1 50.
Nxg7 Kd5 1-0

[Event "WCC"]
[Site "Khanty Mansyisk RUS"]
[Date "2005.11.28"]
[Round "1.2"]
[White "Kudrin,S"]
[Black "Eljanov,P"]
[Result "1-0"]
[WhiteElo "2551"]
[BlackElo "2663"]
[EventDate "2005.11.28"]

1. e4 c5 2. Nf3 Nc6 3. d4 cxd4 4. Nxd4 Nf6 5. Nc3 e5 6. Ndb5 d6 7. Bg5 a6
8. Na3 b5 9. Nd5 Be7 10. Bxf6 Bxf6 11. c3 O-O 12. Nc2 Rb8 13. h4 Be7 14.
Nce3 Be6 15. Qf3 Qd7 16. Rd1 Bd8 17. Be2 Ne7 18. h5 h6 19. O-O Bb6 20. Nf5
Bxf5 21. exf5 Nxd5 22. Rxd5 Qe7 23. Bd3 Rfd8 24. Rd1 Rbc8 25. Be4 Rc4 26.
Re1 Rc5 27. a3 a5 28. b4 axb4 29. axb4 Rxd5 30. Bxd5 Rc8 31. Ra1 Qg5 32. g3
e4 33. Bxe4 Qf6 34. Ra3 Qe5 35. Kg2 Bd8 36. Bd5 Bf6 37. Bxf7+ Kh8 38. Ra8
Rd8 39. Qc6 Qe7 40. Be6 Qf8 41. Rxd8 Qxd8 42. Qxb5 Bxc3 43. Qc4 Bd2 44. Qd4
Bg5 45. b5 Qb8 46. Bc4 Bd8 47. Qe4 Bb6 48. Qe7 Bd4 49. Bd5 Kh7 50. Qf7 Qd8
51. b6 1-0

[Event "WCC"]
[Site "Khanty Mansyisk RUS"]
[Date "2005.11.28"]
[Round "1.2"]
[White "Agrest,E"]
[Black "Timofeev,Arty"]
[Result "1/2-1/2"]
[WhiteElo "2571"]
[BlackElo "2658"]
[EventDate "2005.11.28"]

1. d4 d5 2. Nf3 e6 3. c4 c6 4. Qc2 Nf6 5. Bg5 h6 6. Bh4 dxc4 7. Qxc4 b5 8.
Qc2 Bb7 9. e3 Nbd7 10. Bd3 a6 11. a4 Bb4+ 12. Nc3 c5 13. Bxf6 Qxf6 14. Be4
cxd4 15. exd4 Bxe4 16. Qxe4 Rc8 17. axb5 axb5 18. Qb7 Rb8 19. Qc6 Rb6 20.
Qc8+ Qd8 21. Qxd8+ Kxd8 22. Ra7 Ke7 23. Ne5 Rd8 24. Ke2 1/2-1/2

[Event "WCC"]
[Site "Khanty Mansyisk RUS"]
[Date "2005.11.28"]
[Round "1.2"]
[White "Azmaiparashvili,Z"]
[Black "Carlsen,M"]
[Result "1-0"]
[WhiteElo "2658"]
[BlackElo "2570"]
[EventDate "2005.11.28"]

1. d4 Nf6 2. c4 g6 3. Nc3 d5 4. Nf3 Bg7 5. Qb3 dxc4 6. Qxc4 O-O 7. e4 Na6
8. Bg5 c5 9. d5 e6 10. O-O-O Qa5 11. Qb5 Qxb5 12. Bxb5 Nc7 13. Be2 exd5 14.
exd5 Rd8 15. d6 Nce8 16. Bb5 Bd7 17. Rhe1 a6 18. Bc4 Bf5 19. Nd5 Nxd5 20.
Bxd8 Rxd8 21. Rxd5 Bh6+ 22. Kd1 Nxd6 23. Ne5 Be6 24. Rd3 Bf5 25. Nxf7 Bxd3
26. Nxh6+ Kg7 27. Bxd3 Kxh6 28. Kc2 Re8 29. Rxe8 Nxe8 30. Kc3 Nc7 31. Kc4
b6 32. a4 a5 33. f4 Kg7 34. g4 Kf6 35. h4 h6 36. Be4 Kg7 37. Bc6 Kf6 38.
Bf3 Ke6 39. Be4 Kf6 40. Bc6 Ke6 41. Kd3 Ke7 42. Ke3 Ke6 43. Be4 Kf6 44. g5+
Kg7 45. Bd3 Nd5+ 46. Ke4 Nb4 47. Bb1 hxg5 48. hxg5 Kf8 49. Ke5 Kf7 50. Be4
Kg7 51. Kd6 c4 52. Kc7 Na2 53. Kxb6 1-0

[Event "WCC"]
[Site "Khanty Mansyisk RUS"]
[Date "2005.11.28"]
[Round "1.2"]
[White "Sutovsky,E"]
[Black "Hamdouchi,H"]
[Result "0-1"]
[WhiteElo "2654"]
[BlackElo "2574"]
[EventDate "2005.11.28"]

1. e4 c5 2. Nf3 e6 3. Nc3 a6 4. g3 d5 5. exd5 exd5 6. d4 Nf6 7. Bg5 Be6 8.
Bg2 Nbd7 9. Ne5 cxd4 10. Nxd7 dxc3 11. Nxf8 cxb2 12. Rb1 Kxf8 13. Rxb2 h6
14. Bxf6 Qxf6 15. Rxb7 Qe5+ 16. Qe2 Qa1+ 17. Qd1 Qe5+ 18. Qe2 Qa1+ 19. Qd1
Qxa2 20. O-O Qc4 21. Re1 Kg8 22. Qa1 Re8 23. Qb2 Kh7 24. Bf1 Bh3 25. Rd1
Bxf1 26. Rxf7 d4 27. Rxg7+ Kxg7 28. Rxd4 Kg6 29. Rxc4 Bxc4 30. Qb4 Be6 31.
Qb6 Kf7 32. Qc7+ Kf6 33. h4 Kg6 34. Qb6 Rhf8 35. Qxa6 Rf6 36. Qa5 Bg4 37.
Qd2 h5 38. Qg5+ Kf7 39. Qd5+ Kg7 40. Qg5+ Rg6 41. Qd2 Rge6 42. Qg5+ Kh7 43.
Qf4 R8e7 44. Kg2 Kg7 45. Qg5+ Kf8 46. Qc5 Rf6 47. Qd4 Kg7 48. Qd2 Re2 49.
Qg5+ Kf7 50. Qd5+ Kf8 51. Qc5+ Re7 52. Qd4 Kf7 53. Qd5+ Ree6 54. Qd7+ Kf8
55. Qd8+ Kg7 56. Qd2 Re5 57. c4 Kf7 58. Kh2 Ke8 59. Kg1 Re2 60. Qa5 Rexf2
61. Qe5+ Kf7 62. Qd5+ Kg7 63. Qe5 R2f5 64. Qd4 Kg8 0-1

[Event "WCC"]
[Site "Khanty Mansyisk RUS"]
[Date "2005.11.28"]
[Round "1.2"]
[White "Stripunsky,A"]
[Black "Areshchenko,A"]
[Result "0-1"]
[WhiteElo "2576"]
[BlackElo "2653"]
[EventDate "2005.11.28"]

1. e4 c5 2. d3 Nc6 3. g3 g6 4. Bg2 Bg7 5. f4 e6 6. Nf3 Nge7 7. c3 O-O 8.
Be3 b6 9. O-O Ba6 10. Bf2 Rc8 11. Re1 d6 12. Na3 b5 13. Nc2 b4 14. cxb4
cxb4 15. d4 d5 16. e5 Qb6 17. Qd2 Rc7 18. Rec1 Rfc8 19. Be1 Nf5 20. Kh1
Ncxd4 21. Ncxd4 Rxc1 22. Rxc1 Rxc1 23. Qxc1 Nxd4 24. Bf2 Qc6 25. Qe1 Nxf3
26. Bxf3 Qa4 27. Bxa7 Bf8 28. Bg1 Qxa2 29. Bd4 Qc4 30. Qf2 b3 31. Kg2 Bb4
32. f5 gxf5 33. Bd1 Qd3 0-1

[Event "WCC"]
[Site "Khanty Mansyisk RUS"]
[Date "2005.11.28"]
[Round "1.2"]
[White "Pantsulaia,L"]
[Black "Milov,V"]
[Result "1/2-1/2"]
[WhiteElo "2578"]
[BlackElo "2652"]
[EventDate "2005.11.28"]

1. d4 g6 2. Nf3 Bg7 3. c4 c5 4. e4 Nc6 5. dxc5 Qa5+ 6. Bd2 Qxc5 7. Nc3 Nf6
8. Be2 O-O 9. O-O Ne5 10. Rc1 d6 11. Be3 Nxf3+ 12. Bxf3 Qa5 13. Qd2 Rd8 14.
Rfd1 Be6 15. b3 Rac8 16. Nd5 Qxd2 17. Bxd2 Kf8 18. Bg5 Ng8 19. a4 Bh6 20.
Bxh6+ Nxh6 21. Nc3 f6 22. Be2 Nf7 23. f4 Re8 24. Bf3 Rc5 25. Nb5 a5 26. Nd4
Bd7 27. Nc2 Rec8 28. Ne1 R5c7 29. Nd3 e5 30. fxe5 dxe5 31. Nc5 Rd8 32. Rd5
b6 33. Nxd7+ Rdxd7 34. Rb5 Rd6 35. c5 Rdc6 36. Kf2 bxc5 37. Rxa5 Nd6 38.
Ra8+ Ke7 39. Rb8 Ra7 40. Ke3 c4 41. Rc3 Rcc7 42. Be2 cxb3 43. Rxc7+ Rxc7
44. Rxb3 Rc5 45. g4 g5 46. Bd3 Kd7 47. Rb8 Rc3 48. Rh8 Ra3 49. Rxh7+ Kc6
50. Rh6 Kc5 51. Rxf6 Nc4+ 52. Ke2 Ra2+ 53. Kf3 Ra3 54. Ke2 Nb2 55. Bb5 Nxa4
56. Bxa4 Rxa4 57. Rf5 Kd4 58. Rxg5 Kxe4 59. h4 Ra2+ 60. Kf1 Ra5 61. Rf5 Kd3
1/2-1/2

[Event "WCC"]
[Site "Khanty Mansyisk RUS"]
[Date "2005.11.28"]
[Round "1.2"]
[White "Gurevich,M"]
[Black "Markus,R"]
[Result "1/2-1/2"]
[WhiteElo "2652"]
[BlackElo "2579"]
[EventDate "2005.11.28"]

1. d4 Nf6 2. c4 e6 3. Nc3 Bb4 4. e3 O-O 5. Bd3 c5 6. a3 cxd4 7. axb4 dxc3
8. bxc3 d6 9. Nf3 e5 10. e4 Be6 11. Bg5 Nbd7 12. Nd2 h6 13. Bh4 Qc7 14. Ra5
b6 15. Ra3 a5 16. O-O axb4 17. Rxa8 Rxa8 18. cxb4 Ra2 19. Nb1 Rb2 20. Qe1
Qa7 21. Qc3 Qa2 22. Rd1 Bg4 23. Re1 Be2 24. Bxe2 Rxe2 25. Rxe2 Qxe2 26. f3
Qd1+ 27. Qe1 Qd4+ 28. Bf2 Qxc4 29. Qc3 Qe2 30. Qb3 g5 31. Na3 g4 32. Nc4 d5
33. Nd6 Qd2 34. h3 gxh3 35. gxh3 Kg7 36. Nf5+ Kh7 37. Ne3 Kg6 38. exd5 e4
39. fxe4 Nxe4 40. Qc2 Qxc2 41. Nxc2 Nc3 42. Ne3 f5 43. d6 Ne4 44. Nd5 b5
45. Nc7 Nxd6 46. Bg3 Ne4 47. Be1 Nd6 48. Bg3 Ne4 49. Be1 Nd6 1/2-1/2

[Event "WCC"]
[Site "Khanty Mansyisk RUS"]
[Date "2005.11.28"]
[Round "1.2"]
[White "Dao Thien Hai"]
[Black "Rublevsky,S"]
[Result "1/2-1/2"]
[WhiteElo "2581"]
[BlackElo "2652"]
[EventDate "2005.11.28"]

1. d4 d5 2. c4 dxc4 3. e4 e5 4. Nf3 Bb4+ 5. Nc3 exd4 6. Nxd4 Ne7 7. Bxc4
Nbc6 8. Be3 O-O 9. Ndb5 Ba5 10. O-O a6 11. Nd4 Nxd4 12. Bxd4 Qd6 13. Be3
Be6 14. Be2 Bxc3 15. bxc3 Qc6 16. Qd4 Rfd8 17. Qb4 Ng6 18. Rfd1 Ne5 19. Rd4
Rd6 20. Rad1 a5 21. Qa3 Nc4 22. Bxc4 Bxc4 23. f3 Rxd4 24. cxd4 b5 25. Qb2
f5 26. d5 Qd7 27. exf5 Qxf5 1/2-1/2

[Event "WCC"]
[Site "Khanty Mansyisk RUS"]
[Date "2005.11.28"]
[Round "1.2"]
[White "Van Wely,L"]
[Black "Minasian,Art"]
[Result "1-0"]
[WhiteElo "2648"]
[BlackElo "2581"]
[EventDate "2005.11.28"]

1. Nf3 c5 2. c4 g6 3. d4 Bg7 4. e4 d6 5. Be2 Nf6 6. Nc3 O-O 7. O-O Na6 8.
d5 Nc7 9. h3 e6 10. dxe6 Nxe6 11. Be3 b6 12. Qc2 Bb7 13. Rad1 Qe7 14. Nd5
Bxd5 15. exd5 Nc7 16. Rfe1 Rfb8 17. b3 Qf8 18. Bf4 a5 19. a4 Na6 20. Bd3
Nb4 21. Qd2 Nh5 22. Bh2 Bh6 23. Qc3 Bg7 24. Qd2 Bh6 25. Qc3 Re8 26. g4 Nf4
27. Bf1 f5 28. g5 Bg7 29. Qd2 Nh5 30. Re6 Rad8 31. Rde1 Rxe6 32. Rxe6 f4
33. Bd3 Re8 34. Qe2 Rxe6 35. Qxe6+ Kh8 36. Bxg6 hxg6 37. Qxg6 Ng3 38. fxg3
fxg3 39. Qh5+ Kg8 40. Bxg3 Nc2 41. Qg4 Nd4 42. Nxd4 cxd4 43. Qe4 Kh8 44.
Kg2 Qf7 45. Bxd6 Qh5 46. Bf4 1-0

[Event "WCC"]
[Site "Khanty Mansyisk RUS"]
[Date "2005.11.28"]
[Round "1.2"]
[White "Xu Jun"]
[Black "Ye Jiangchuan"]
[Result "1/2-1/2"]
[WhiteElo "2582"]
[BlackElo "2648"]
[EventDate "2005.11.28"]

1. d4 f5 2. g3 Nf6 3. Bg2 e6 4. Nf3 d5 5. b3 c6 6. O-O Nbd7 7. c4 Ne4 8.
Qc2 a5 9. a4 Bb4 10. Ba3 Bxa3 11. Nxa3 O-O 12. Nb1 Qe8 13. Nbd2 Qh5 14.
Rfe1 Rf6 15. Ne5 Rh6 16. Nf1 Nd6 17. f4 Qe8 18. e3 Qe7 19. Nd2 g5 20. Ndf3
g4 21. Nxd7 gxf3 22. Nb6 fxg2 23. Nxa8 Bd7 24. Nb6 Be8 25. c5 Ne4 26. Nc8
Qg7 27. Qxg2 Bh5 28. Nd6 Bg4 29. Ra2 Rh3 30. Rb2 h5 31. b4 h4 32. gxh4 axb4
33. Rxb4 Nd2 34. Rxb7 Qg6 35. Rb8+ Kg7 36. Rb7+ 1/2-1/2

[Event "WCC"]
[Site "Khanty Mansyisk RUS"]
[Date "2005.11.28"]
[Round "1.2"]
[White "Izoria,Z"]
[Black "Erenburg,S"]
[Result "1/2-1/2"]
[WhiteElo "2646"]
[BlackElo "2582"]
[EventDate "2005.11.28"]

1. d4 d5 2. c4 c6 3. Nf3 Nf6 4. Nc3 e6 5. Bg5 h6 6. Bh4 dxc4 7. e4 g5 8.
Bg3 b5 9. Be2 Bb7 10. O-O Nbd7 11. Ne5 Bg7 12. Nxd7 Nxd7 13. Bd6 a6 14. a4
e5 15. d5 c5 16. b4 cxb4 17. Bxb4 a5 18. Bd6 b4 19. Nb5 Rc8 20. Bxc4 Rxc4
21. Rc1 Rxc1 22. Qxc1 Qb6 23. Nc7+ Kd8 24. Nb5 Ke8 25. Nc7+ 1/2-1/2

[Event "WCC"]
[Site "Khanty Mansyisk RUS"]
[Date "2005.11.28"]
[Round "1.2"]
[White "Vescovi,G"]
[Black "Adianto,U"]
[Result "1/2-1/2"]
[WhiteElo "2646"]
[BlackElo "2584"]
[EventDate "2005.11.28"]

1. e4 g6 2. d4 d6 3. Nf3 Bg7 4. Nc3 a6 5. a4 Bg4 6. Be2 Nc6 7. Be3 Nf6 8.
O-O O-O 9. h3 Bxf3 10. Bxf3 e5 11. dxe5 Nxe5 12. Be2 Re8 13. Qd2 Ned7 14.
Bf3 Ne5 15. Be2 Rb8 16. Ba7 Rc8 17. Be3 Ned7 18. Bf3 Qe7 19. Rfe1 c6 20. a5
Rcd8 21. Bg5 Nc5 22. Rad1 Ne6 23. Bh4 Qf8 24. Na4 c5 25. Nb6 Nd4 26. Qd3
Re6 27. c3 Nc6 28. Nc4 h5 29. Qb1 Rde8 30. Bg3 Ne5 31. Bxe5 dxe5 32. Be2
Bh6 33. Nb6 Rd6 34. Bc4 Red8 35. Rxd6 Qxd6 36. Nd5 Nxd5 37. Bxd5 Qc7 38.
Qa2 Kg7 39. Ra1 h4 40. Qc4 Rd7 41. b4 cxb4 42. Qxc7 Rxc7 43. cxb4 Bd2 44.
Rb1 f5 45. Kf1 Rd7 46. Rb3 Bg5 47. Ke2 Bd8 48. Rc3 Be7 49. Rb3 Bd8 50. Rc3
fxe4 51. Bxe4 Rd4 52. Bxb7 Rxb4 53. Bxa6 Rb2+ 54. Kf1 Bxa5 55. Re3 Rb1+ 56.
Ke2 Kf6 57. Bd3 Rb2+ 58. Kf1 Bb6 59. Rf3+ Kg5 60. g3 hxg3 61. Rxg3+ Kh4 62.
Rf3 Rxf2+ 1/2-1/2

[Event "WCC"]
[Site "Khanty Mansyisk RUS"]
[Date "2005.11.28"]
[Round "1.2"]
[White "Wang Yue"]
[Black "Asrian,K"]
[Result "1-0"]
[WhiteElo "2585"]
[BlackElo "2645"]
[EventDate "2005.11.28"]

1. d4 e6 2. c4 Nf6 3. Nf3 d5 4. Bg5 Be7 5. Nc3 h6 6. Bh4 O-O 7. e3 b6 8.
Be2 Bb7 9. Bxf6 Bxf6 10. cxd5 exd5 11. O-O Nc6 12. Qc2 Ne7 13. Rad1 g6 14.
b4 Bg7 15. b5 a6 16. a4 axb5 17. axb5 Qd6 18. Ra1 Rxa1 19. Rxa1 Ra8 20.
Rxa8+ Bxa8 21. Qa4 Bb7 22. Ne1 Kh7 23. Nd3 Nf5 24. Bg4 Bc8 25. Bf3 Be6 26.
g3 Ne7 27. Qb3 c5 28. bxc6 Qxc6 29. Nf4 Qc4 30. Qxc4 dxc4 31. Be2 g5 32.
Nxe6 fxe6 33. Bxc4 e5 34. d5 Nc8 35. Ne4 Bf8 36. Ba6 Ne7 37. d6 Nc6 38. Kg2
Kg6 39. Kf3 Nd8 40. Bd3 Kf7 41. Kg4 Nb7 42. d7 Ke6 43. Ba6 Nd8 44. Bb5 Be7
45. Kh5 Kd5 46. f3 Ba3 47. h3 Bf8 48. Kg6 Ke6 49. g4 Nb7 50. Nf6 Be7 51.
Ne8 Kd5 52. Nc7+ Kd6 53. Kf7 Nd8+ 54. Ke8 Bf6 55. Na6 Ne6 56. Bc4 Nd8 57.
e4 Nc6 58. Bf1 Be7 59. Bb5 Nd4 60. Nc7 Bf6 61. Nd5 Nxb5 62. Nxf6 Nc7+ 63.
Kd8 Nb5 64. Nd5 1-0

[Event "WCC"]
[Site "Khanty Mansyisk RUS"]
[Date "2005.11.28"]
[Round "1.2"]
[White "Jakovenko,D"]
[Black "Leitao,R"]
[Result "1/2-1/2"]
[WhiteElo "2644"]
[BlackElo "2586"]
[EventDate "2005.11.28"]

1. e4 c5 2. Nf3 e6 3. b3 d6 4. d4 cxd4 5. Nxd4 Nf6 6. Bd3 Nc6 7. Bb2 Be7 8.
O-O Nxd4 9. Bxd4 O-O 10. c4 b6 11. Nc3 Bb7 12. Rc1 Nd7 13. Bb1 a6 14. Qe2
Re8 15. Kh1 Qc7 16. Qd3 g6 17. Qg3 Rad8 18. Rfd1 Qb8 19. a4 Bc6 20. Bd3 Nc5
21. Bc2 Nd7 22. Qd3 Nc5 23. Qf1 Bg5 24. f4 Bxf4 25. Qxf4 e5 26. Qg3 exd4
27. Rxd4 a5 28. Rcd1 Qb7 29. h3 Bxe4 30. Nxe4 Nxe4 31. Bxe4 Rxe4 32. Rxd6
Rxd6 33. Rxd6 Re8 34. Qf2 Qe7 35. Rxb6 Rd8 36. Rf6 Rd1+ 37. Kh2 h5 38. Rf3
Qd6+ 39. Qg3 Qd4 40. Rf2 Rb1 41. h4 Rxb3 42. Qxb3 Qxf2 43. Qc3 Qxh4+ 44.
Kg1 Kf8 45. Qh8+ 1/2-1/2

[Event "WCC"]
[Site "Khanty Mansyisk RUS"]
[Date "2005.11.28"]
[Round "1.2"]
[White "Popov,Val"]
[Black "Onischuk,Al"]
[Result "1/2-1/2"]
[WhiteElo "2588"]
[BlackElo "2640"]
[EventDate "2005.11.28"]

1. e4 e5 2. Nf3 Nc6 3. Bb5 a6 4. Ba4 Nf6 5. O-O Bc5 6. c3 b5 7. Bb3 d6 8.
a4 Bg4 9. h3 Bxf3 10. Qxf3 Na5 11. Bc2 b4 12. Qd1 O-O 13. Re1 Re8 14. d4
exd4 15. cxd4 Bb6 16. d5 Nd7 17. Nd2 Qf6 18. Re2 Ne5 19. Nb3 Nxb3 20. Bxb3
a5 21. Be3 Nd7 22. Bxb6 cxb6 23. Bc4 Nc5 24. f3 g5 25. Qd2 Re5 26. Rf2 Qf4
27. Qxf4 gxf4 28. Bb5 Kh8 29. Re2 Rg8 30. g4 1/2-1/2

[Event "WCC"]
[Site "Khanty Mansyisk RUS"]
[Date "2005.11.28"]
[Round "1.2"]
[White "Macieja,B"]
[Black "Efimenko,Z"]
[Result "1/2-1/2"]
[WhiteElo "2592"]
[BlackElo "2637"]
[EventDate "2005.11.28"]

1. Nf3 Nf6 2. c4 e6 3. d4 b6 4. a3 Ba6 5. Qc2 Bb7 6. Nc3 c5 7. dxc5 bxc5 8.
Bf4 Be7 9. e3 Nh5 10. Bg3 Nc6 11. Be2 h6 12. Rd1 Nxg3 13. hxg3 a6 14. g4
Qc7 15. g5 O-O-O 16. gxh6 gxh6 17. Rh5 f5 18. e4 Rhg8 19. exf5 Rxg2 20.
fxe6 dxe6 21. Rxd8+ Qxd8 22. Qd3 Qxd3 23. Bxd3 Nb4 24. Be4 Nd3+ 25. Bxd3
Bxf3 26. Rh3 Rg1+ 27. Kd2 Bg4 28. Rg3 Rxg3 29. fxg3 Kc7 1/2-1/2

[Event "WCC"]
[Site "Khanty Mansyisk RUS"]
[Date "2005.11.28"]
[Round "1.2"]
[White "Smirnov,P"]
[Black "Bocharov,D"]
[Result "1/2-1/2"]
[WhiteElo "2637"]
[BlackElo "2592"]
[EventDate "2005.11.28"]

1. e4 d6 2. d4 Nf6 3. Nc3 e5 4. dxe5 dxe5 5. Qxd8+ Kxd8 6. Bg5 Be6 7.
O-O-O+ Nbd7 8. f4 exf4 9. Nf3 Kc8 10. Bxf4 Bc5 11. h3 Nh5 12. Bh2 Be3+ 13.
Kb1 Bf4 14. g4 Bxh2 15. Rxh2 Nf4 16. Rf2 Ng6 17. Nd4 Nge5 18. Nd5 c6 19.
Bg2 Re8 20. b3 b6 21. Rfd2 g6 22. c4 f6 23. Rf1 cxd5 24. cxd5 Bf7 25. Rc1+
Kb7 26. Nb5 Rac8 27. Nd6+ Kb8 28. Nxc8 Rxc8 29. Rxc8+ Kxc8 30. Kb2 Kc7 31.
Kc3 Kd6 32. Kd4 g5 33. b4 b5 34. Rc2 Nb6 35. Bf1 Be8 36. Rf2 Ke7 37. Be2
Nc8 38. h4 h6 39. hxg5 hxg5 40. Bd1 Nd6 41. Rc2 Kd8 42. Rc3 Bd7 43. Ra3 Nc8
44. Kc5 Bxg4 45. Bxg4 Nxg4 46. Rh3 Ne5 47. Rh7 Nd7+ 48. Kxb5 Kc7 49. Ka6 g4
50. Rg7 g3 51. Rxg3 Nd6 52. Rg4 Nb8+ 53. Ka5 Nc4+ 54. Ka4 Nd6 55. Rg7+ Nd7
56. Re7 f5 57. e5 Nc8 58. Rf7 Kd8 59. Rxf5 Ndb6+ 60. Kb5 Nxd5 61. Kc5 Nde7
62. Rf6 Kc7 63. e6 Nd6 64. Rf4 a6 65. Rd4 Nb7+ 66. Kc4 Nd6+ 67. Kc5 Nb7+
68. Kc4 Nd6+ 69. Kb3 Kc6 70. Rd1 Nd5 71. Rc1+ Kb6 72. Rc5 Ne7 73. Ka4 Nb5
74. Rc1 Nc7 75. Rd1 Ned5 76. Rd4 Nc3+ 77. Kb3 N3d5 78. Re4 Kc6 79. Re1 Kd6
80. Rc1 Nxe6 81. Ka4 Nd4 82. a3 Nc6 83. Rh1 Nb6+ 84. Kb3 Nd4+ 85. Kb2 Kc6
86. Rh6+ Kb7 87. Rh7+ Kc6 88. Ra7 Kb5 89. Kc3 Nc6 90. Rh7 Nd5+ 91. Kd3 Nde7
92. Kc2 Ka4 93. Kb2 a5 94. bxa5 Kxa5 95. Kb3 Kb6 96. a4 Nd5 97. Kc4 Ne3+
98. Kd3 1/2-1/2

[Event "WCC"]
[Site "Khanty Mansyisk RUS"]
[Date "2005.11.28"]
[Round "1.2"]
[White "Kobalia,M"]
[Black "Zhang Zhong"]
[Result "1/2-1/2"]
[WhiteElo "2634"]
[BlackElo "2598"]
[EventDate "2005.11.28"]

1. e4 e6 2. d4 d5 3. Nd2 dxe4 4. Nxe4 Nd7 5. Nf3 Ngf6 6. Bd3 Nxe4 7. Bxe4
Nf6 8. Bg5 Qd6 9. Bxf6 gxf6 10. c3 Bg7 11. Qe2 c6 12. Nd2 Bd7 13. O-O-O
O-O-O 14. Kb1 Kb8 15. Qh5 Be8 16. Nc4 Qc7 17. g3 f5 18. Bc2 f6 19. Qe2 Bg6
20. f4 Rhe8 21. Rhe1 Bf8 22. Qf2 a6 23. Ne3 Bf7 24. Bb3 Bg6 25. Ka1 h5 26.
Ng2 Bf7 27. Nh4 Rd6 28. Rd2 c5 29. dxc5 Rxd2 30. Qxd2 Bxc5 31. Rd1 Kc8 32.
Qe2 Qc6 33. Re1 Re7 34. a3 b5 35. Nf3 Rd7 36. Nd4 Bxd4 37. cxd4 Rd6 38. Qe3
Kb8 39. Rd1 Qb6 40. Qc3 Qc7 41. Qb4 Qb6 42. Qc3 Qc7 43. Qe3 Qb6 44. Rd3 a5
45. Rd1 Rd7 46. Qd3 Rd6 47. Rc1 a4 48. Qc3 Qd8 49. Ba2 Be8 50. Qc5 Bc6 51.
Re1 Qd7 52. Qb6+ Ka8 53. Rc1 Be4 54. Qa5+ Kb7 55. Qc3 Rc6 56. Qe3 Rxc1+ 57.
Qxc1 Qxd4 58. Bxe6 Kb6 59. Bf7 Qf2 60. Qd1 Kc5 61. Qc1+ Kb6 62. Qd1 Kc5 63.
Qc1+ Kd6 64. Qd1+ Ke7 65. Bxh5 Qxh2 66. Be2 Bc6 67. Qe1 Kf7 68. Bd3 Bd7 69.
Kb1 Qg2 70. Qe3 Qd5 71. Be2 Bc6 72. Kc2 Kg6 73. Qd3 Qc5+ 74. Kd2 Be4 75.
Qd8 Qc2+ 76. Ke1 Qc1+ 77. Kf2 Qc5+ 78. Kf1 Qc1+ 79. Kf2 Qc5+ 80. Kf1
1/2-1/2

[Event "WCC"]
[Site "Khanty Mansyisk RUS"]
[Date "2005.11.28"]
[Round "1.2"]
[White "Korneev,O"]
[Black "Miroshnichenko,E"]
[Result "1-0"]
[WhiteElo "2601"]
[BlackElo "2634"]
[EventDate "2005.11.28"]

1. e4 c5 2. Nf3 d6 3. d4 Nf6 4. Nc3 cxd4 5. Nxd4 Nc6 6. Bg5 e6 7. Qd2 Be7
8. Nb3 O-O 9. O-O-O Qb6 10. f3 Rd8 11. Nb5 Rd7 12. Qe1 a6 13. N5d4 Rd8 14.
Be3 Qc7 15. Nxc6 Qxc6 16. Kb1 b6 17. Nd4 Qc7 18. g4 Bb7 19. g5 Nd7 20. h4
d5 21. e5 Nxe5 22. f4 Nc4 23. Bc1 Re8 24. h5 e5 25. fxe5 Qxe5 26. Qf2 Bxg5
27. Bxg5 Qxg5 28. Rg1 Nd2+ 29. Ka1 Ne4 30. Qh2 Qe5 31. Qg2 h6 32. Bd3 Ng5
33. c3 Rad8 34. a3 b5 35. Bb1 Rd6 36. Rde1 Ne4 37. Nf5 g5 38. hxg6 Rxg6 39.
Nxh6+ Kg7 40. Qf3 Qf6 41. Nf5+ Kf8 42. Rgf1 Bc8 43. Bxe4 Rxe4 44. Rxe4 dxe4
45. Qxe4 Bxf5 46. Rxf5 Qe6 47. Qa8+ Kg7 48. Rf1 Qc6 49. Qa7 Qd5 50. Qf2 Rh6
51. Qg3+ Rg6 52. Qh4 Qc4 53. Qh1 a5 54. Qh3 Qc5 55. Qf3 Qc4 56. Qf5 b4 57.
cxb4 axb4 58. Qe5+ Kh7 59. Rh1+ Rh6 60. Qf5+ Kg7 61. Qg5+ Rg6 62. Qe5+ 1-0

[Event "WCC"]
[Site "Khanty Mansyisk RUS"]
[Date "2005.11.28"]
[Round "1.2"]
[White "Beliavsky,A"]
[Black "Jobava,Ba"]
[Result "1/2-1/2"]
[WhiteElo "2631"]
[BlackElo "2601"]
[EventDate "2005.11.28"]

1. d4 Nf6 2. c4 e6 3. Nc3 c5 4. d5 exd5 5. cxd5 d6 6. e4 g6 7. h3 Bg7 8.
Nf3 O-O 9. Bd3 b5 10. Bxb5 Nxe4 11. Nxe4 Qa5+ 12. Nfd2 Qxb5 13. Nxd6 Qa6
14. N2c4 Rd8 15. Bf4 Nd7 16. O-O Nb6 17. Nxb6 Qxb6 18. Nxc8 Raxc8 19. Rb1
Qb7 20. d6 Bf8 21. Qd3 Bxd6 22. Bxd6 Rc6 23. Rfd1 Qd7 24. Qa3 Rxd6 25. Rxd6
Qxd6 26. Qxa7 Re8 27. a3 Qd4 28. b3 Re2 29. Qa8+ Kg7 30. Qf3 Ra2 31. a4 c4
32. bxc4 Rxa4 33. Qe3 1/2-1/2

[Event "WCC"]
[Site "Khanty Mansyisk RUS"]
[Date "2005.11.28"]
[Round "1.2"]
[White "Ni Hua"]
[Black "Kotronias,V"]
[Result "1/2-1/2"]
[WhiteElo "2603"]
[BlackElo "2626"]
[EventDate "2005.11.28"]

1. e4 e5 2. Nf3 Nc6 3. Bb5 Nf6 4. d3 Bc5 5. Nc3 a6 6. Bxc6 dxc6 7. Be3 Bd6
8. h3 O-O 9. O-O Nd7 10. d4 exd4 11. Qxd4 Qe7 12. Qd2 Ne5 13. Nxe5 Bxe5 14.
Rad1 Qb4 15. f4 Bxc3 16. bxc3 Qc4 17. f5 Qxe4 18. Rf4 Qe5 19. Bd4 Qd6 20.
f6 Re8 21. Rf3 b6 22. Qg5 g6 23. Rdd3 Qf8 24. Rde3 Rxe3 25. Rxe3 Be6 26.
Qf4 c5 27. Be5 Rd8 28. Bxc7 Rd1+ 29. Kh2 h6 30. Bxb6 g5 31. Qg3 Qd6 32.
Qxd6 Rxd6 33. Bxc5 Rd2 34. Rd3 Rxc2 35. a3 Kh7 36. Kg3 1/2-1/2

[Event "WCC"]
[Site "Khanty Mansyisk RUS"]
[Date "2005.11.28"]
[Round "1.2"]
[White "Felgaer,R"]
[Black "Kaidanov,G"]
[Result "1-0"]
[WhiteElo "2636"]
[BlackElo "2608"]
[EventDate "2005.11.28"]

1. e4 e5 2. Nf3 Nc6 3. Bb5 a6 4. Ba4 Nf6 5. O-O Nxe4 6. d4 b5 7. Bb3 d5 8.
dxe5 Be6 9. Be3 Bc5 10. Qe2 O-O 11. Rd1 Bxe3 12. Qxe3 Na5 13. Nbd2 Nxd2 14.
Rxd2 c6 15. Re1 Qc7 16. c3 Rad8 17. Rd4 c5 18. Rh4 Bf5 19. Rf4 Bg6 20. e6
Rfe8 21. exf7+ Bxf7 22. Qxe8+ Bxe8 23. Bxd5+ Bf7 24. Rxf7 Qxf7 25. Bxf7+
Kxf7 26. Ng5+ Kg6 27. h4 h6 28. Re6+ Kf5 29. Rxa6 Nc4 30. Ne6 Rd7 31. b3
Ne5 32. f3 h5 33. Nxc5 Rd1+ 34. Kh2 Rd2 35. Kg3 Ng6 36. Ne6 1-0

[Event "WCC"]
[Site "Khanty Mansyisk RUS"]
[Date "2005.11.28"]
[Round "1.2"]
[White "Ftacnik,L"]
[Black "Istratescu,A"]
[Result "1/2-1/2"]
[WhiteElo "2612"]
[BlackElo "2622"]
[EventDate "2005.11.28"]

1. Nf3 Nf6 2. c4 e6 3. Nc3 d5 4. d4 dxc4 5. e4 Bb4 6. Bg5 c5 7. Bxc4 cxd4
8. Nxd4 Qa5 9. Bb5+ Nbd7 10. Bxf6 gxf6 11. O-O a6 12. Ba4 Bxc3 13. bxc3 Ke7
14. Re1 Rd8 15. Bb3 Nc5 16. Qf3 e5 17. Nc2 Nxb3 18. axb3 Qb6 19. Ne3 Be6
20. c4 Rd4 21. Re2 a5 22. Rea2 Ra6 23. h3 h5 24. Nd5+ Bxd5 25. exd5 h4 26.
Qc3 Kd7 27. Ra4 Qc7 28. Rc1 Qc5 29. b4 axb4 30. Rxb4 Qc7 31. Qb3 Kc8 32. c5
Rxb4 33. Qxb4 Qa5 34. Qg4+ Kb8 35. Qg8+ Ka7 36. Qxf7 Qb4 37. c6 Qb2 38.
Qxb7+ Qxb7 39. cxb7 Kxb7 40. Rc4 Rd6 41. Rxh4 Rxd5 42. Rh7+ Kc6 43. Rf7 Rd6
44. h4 Kd5 45. Kh2 Ke6 46. Rg7 Rd2 47. h5 f5 48. Rg6+ Kf7 49. f3 e4 50.
fxe4 fxe4 51. Rg5 e3 52. Kg3 Kf6 53. Rg6+ Kf7 54. Kf3 e2 55. Kf2 Rd5
1/2-1/2

[Event "WCC"]
[Site "Khanty Mansyisk RUS"]
[Date "2005.11.28"]
[Round "1.2"]
[White "Milos,G"]
[Black "Sadvakasov,D"]
[Result "1/2-1/2"]
[WhiteElo "2620"]
[BlackElo "2612"]
[EventDate "2005.11.28"]

1. e4 c5 2. Nf3 d6 3. d4 cxd4 4. Nxd4 Nf6 5. Nc3 a6 6. Be2 e5 7. Nb3 Be7 8.
Be3 Be6 9. Nd5 Nbd7 10. Qd3 O-O 11. O-O Bxd5 12. exd5 Nc5 13. Qd2 Nfe4 14.
Qb4 a5 15. Qb5 b6 16. f3 Nf6 17. Rfd1 Nfd7 18. Nd2 Bg5 19. Bf2 Qe7 20. Nc4
f5 21. Qc6 b5 22. Nxd6 Ra6 23. Bxb5 Rxc6 24. dxc6 e4 25. cxd7 Nxd7 26. Nxf5
Rxf5 27. Bxd7 Rf8 28. fxe4 Qxe4 29. Bc5 Rb8 30. Kh1 Qxc2 31. Bd4 Kh8 32.
Bc3 a4 33. a3 Bf6 34. Rd2 Qe4 35. Bb4 Qf4 36. Re1 h5 37. Rde2 Ra8 38. Bc6
Rc8 39. Bxa4 Rc1 40. Bd1 Qf5 41. Re8+ Kh7 42. Bf3 Rxe1+ 43. Rxe1 g6 44. b3
Qf4 45. Bc5 Qd2 46. Rd1 Qc3 47. b4 Qxa3 48. Be4 Qa4 49. Rd6 Kg7 50. Bd3 Be7
51. Rxg6+ Kf7 52. Bg1 Qxb4 53. Rg3 h4 54. Rf3+ Kg7 55. h3 Bc5 56. Bh2 Bd6
1/2-1/2